| 000 | 00828cam a2200265 i 4500 | ||
|---|---|---|---|
| 001 | 1335459 | ||
| 003 | ARRUPE | ||
| 005 | 20131001163157.0 | ||
| 008 | 790105s1979 nyua b 001 0 eng | ||
| 010 | _a 79000084 | ||
| 020 | _a084190488X | ||
| 040 |
_aDLC _cDLC _dDLC |
||
| 043 | _an------ | ||
| 050 | 0 | 0 |
_aE98.S7 _bW48 1979 |
| 082 | 0 | 0 |
_a970.004/97 _219 |
| 100 | 1 |
_aWhite, Jon Manchip, _d1924-2013. _91942 |
|
| 245 | 1 | 0 |
_aEveryday life of the North American Indian / _cby Jon Manchip White. |
| 260 |
_aNew York : _bHolmes & Meier Publishers, _c1979. |
||
| 300 |
_a256 p. : _bill. ; _c22 cm. |
||
| 500 | _aIncludes index. | ||
| 504 | _aBibliography: p. 249-250. | ||
| 650 | 0 |
_aIndians of North America _xSocial life and customs. _91943 |
|
| 906 |
_a7 _bcbc _corignew _d1 _eocip _f19 _gy-gencatlg |
||
| 942 |
_2lcc _cMONOGRAPH |
||
| 999 |
_c118205 _d118205 |
||